British campaigns in Africa and the Pacific 1914-1918 / (Record no. 13191)
[ view plain ]
| 000 -LEADER | |
|---|---|
| fixed length control field | 00683nam a22002172 4500 |
| 001 - CONTROL NUMBER | |
| control field | 0000009598 |
| 005 - DATE AND TIME OF LATEST TRANSACTION | |
| control field | 20151217155840.0 |
| 008 - FIXED-LENGTH DATA ELEMENTS--GENERAL INFORMATION | |
| fixed length control field | 081112s xx 000 0 eng d |
| 020 ## - INTERNATIONAL STANDARD BOOK NUMBER | |
| Terms of availability | $ |
| 040 ## - CATALOGING SOURCE | |
| Original cataloging agency | KABU |
| Transcribing agency | KABU |
| 100 1# - MAIN ENTRY--PERSONAL NAME | |
| Personal name | Dane, Edmund. |
| -- | 0000161319 |
| 245 10 - TITLE STATEMENT | |
| Title | British campaigns in Africa and the Pacific 1914-1918 / |
| Statement of responsibility, etc. | Edmund Dane. |
| 250 ## - EDITION STATEMENT | |
| Edition statement | 1st ed. |
| 260 ## - PUBLICATION, DISTRIBUTION, ETC. (IMPRINT) | |
| Place of publication, distribution, etc. | London : |
| Name of publisher, distributor, etc. | Hodder & Stoughton, |
| Date of publication, distribution, etc. | 1919. |
| 300 ## - PHYSICAL DESCRIPTION | |
| Extent | 215 p. |
| 650 #0 - SUBJECT ADDED ENTRY--TOPICAL TERM | |
| Topical term or geographic name as entry element | World War 1914-1918 |
| General subdivision | Campaigns |
| Geographic subdivision | Africa. |
| -- | 0000161320 |
| 650 #0 - SUBJECT ADDED ENTRY--TOPICAL TERM | |
| Topical term or geographic name as entry element | World War 1914-1918 |
| General subdivision | Campaigns |
| Geographic subdivision | East Asia. |
| -- | 0000161321 |
| 852 1# - LOCATION | |
| -- | p500 KES |
| 908 ## - PUT COMMAND PARAMETER (RLIN) | |
| Put command parameter | 081112 |
| 950 ## - LOCAL HOLDINGS (RLIN) | |
| -- | 1 |
| Withdrawn status | Lost status | Source of classification or shelving scheme | Not for loan | Home library | Current library | Date acquired | Total Checkouts | Full call number | Barcode | Date last seen | Price effective from | Koha item type |
|---|---|---|---|---|---|---|---|---|---|---|---|---|
| Library of Congress Classification | Kabarak, Main Campus | Kabarak, Main Campus | 17/12/2015 | D573 .D36 c. 1 | 15426 | 17/12/2015 | 17/12/2015 | Africana Collection |